00828 2200193 4500001002100000005001500021035002000036245003700056100001700093250001700110300002800127260003100155082000800186084001400194020002200208650001400230520036500244500002500609INLIS00000000000019920240521080935 a0010-05240001211 aBalas Budi Monta /cRuri Irawati0 aRuri Irawati acetakan ke-1 a32 hlm :bilus ;c25 cm aSolo :bTiga Ananda,c2019 a813 a813 RUR b a978-623-206-178-1 4aBuku Anak aMonta, si pari manta, tampak gelisah. ia sudah berjanji kepada tobi, si anak pantai, untuk menyelam bersama. Namun sayang, monta tak dapat menemui tobi yang menunggunya di pantai hijau. Mora, ikan remora sahabat monta, ingin membantunya. Ada apa ya di pantai hijau? apakah mora bisa membantu sahabatnya memenuhi janji pada tpbi? Yuk, ikuti kisah seru mereka! aSeri lindungi lautku